General principles of property law (Record no. 101280)

MARC details
000 -LEADER
fixed length control field 00867cam a2200217 4500
008 - FIXED-LENGTH DATA ELEMENTS--GENERAL INFORMATION
fixed length control field 000000n2001 000 0 eng u
020 ## - INTERNATIONAL STANDARD BOOK NUMBER
International Standard Book Number 0582423325
035 ## - SYSTEM CONTROL NUMBER
System control number (Sirsi) u111697
050 ## - LIBRARY OF CONGRESS CALL NUMBER
Classification number 346.41043
100 ## - MAIN ENTRY--PERSONAL NAME
Personal name Panesar, Sukhinder
245 ## - TITLE STATEMENT
Title General principles of property law
260 ## - PUBLICATION, DISTRIBUTION, ETC.
Place of publication, distribution, etc. Harlow, Essex
Name of publisher, distributor, etc. Pearson Education
Date of publication, distribution, etc. 2001
300 ## - PHYSICAL DESCRIPTION
Extent xvi, 253p. ; 24cm.
350 ## - PRICE (NR) (BK AM CF MU VM SE) [OBSOLETE]
Price 19.99
520 ## - SUMMARY, ETC.
Summary, etc. Aimed at students this book examines the fundamental principles of property law. Chapters include an examination of how property lawyers classify property, in particular the distinction between real and personal property and legal and equitable property. Important concepts such as ownership, possession and title are also discussed.
650 ## - SUBJECT ADDED ENTRY--TOPICAL TERM
Topical term or geographic name entry element PROPERTY LAW
650 ## - SUBJECT ADDED ENTRY--TOPICAL TERM
Topical term or geographic name entry element LAW
650 ## - SUBJECT ADDED ENTRY--TOPICAL TERM
Topical term or geographic name entry element PROPERTY RIGHTS
690 ## - LOCAL SUBJECT ADDED ENTRY--TOPICAL TERM (OCLC, RLIN)
Topical term or geographic name as entry element PROPERTY
942 ## - ADDED ENTRY ELEMENTS (KOHA)
Suppress in OPAC 0
Holdings
Withdrawn status Lost status Source of classification or shelving scheme Damaged status Not for loan Home library Current library Shelving location Date acquired Cost, normal purchase price Total Checkouts Full call number Barcode Date last seen Date last checked out Copy number Cost, replacement price Price effective from Koha item type
    Dewey Decimal Classification     London London Books 29/03/2001 19.99 17 346.41043 PAN 30063951 06/08/2019 25/05/2007 1 19.99 06/08/2019 Book